000 00616nam a22002417a 4500
003 UA-OsUOA
001 30352
007 ta
008 20041109b un ||||| |||| 00| 0 ukr d
100 _aЛебедев Н. М.
090 _a929:32
_bЛ33
942 _cBK
040 _aUA-OsUOA
_brus
_cUA-OsUOA
_dUA-OsUOA
245 _aПестель - идеолог и руководитель декабристов
300 _a344 с.
_bІлюстрації
955 _a0
041 _arus
080 _a929:32
260 _aМосква
_bМысль
_c1972
044 _aRU
650 7 _2UDC
999 _c316763
_d316763